Statystyki dla Wszystkie polskie kluby piłkarskie na literę K

Kliknij tutaj aby rozwiązać quiz!

Ogólne statystyki

  • Ten quiz został rozwiązany 19 razy
  • Średni wynik to 2 z 250

Statystyki odpowiedzi

Odpowiedź% Poprawnych
Korona Kielce
88%
Kotwica Kołobrzeg
47%
Karpaty Krosno
18%
KSZO Ostrowiec Świętokrzyski
18%
Kotwica Kórnik
12%
Kalwarianka Kalwaria Zebrzydowska
6%
Karkonosze Jelenia Góra
6%
Kaszubia Kościerzyna
6%
Kmita Zabierzów
6%
Kolejarz Stróże
6%
Konfeks Legnica
6%
Korona Łaszczów
6%
KP Zarzecze
6%
KS Wisła
6%
Kujawiak Włocławek
6%
Kuźnia Ustroń
6%
Kaczawa Bieniowice
0%
Kaczawa II Pątnów-Szczytniki
0%
Kadet Lisów
0%
Kamienna Brody
0%
Kamionka Kamień Krajeński
0%
Kamionka-Zjednoczeni II Kamień Krajeński
0%
Kanał Występ
0%
Kanarki Małachowice
0%
Karolina Jaworzyna Śląska
0%
Karpaty Klimkówka
0%
Karpaty Siepraw
0%
Kaskada Kamionka
0%
Kasta Szczecin-Majowe
0%
Kaszowianka Kaszów
0%
Kasztelania Brudzew
0%
Kasztelania Santok
0%
Kasztelan Papowo Biskupie
0%
Kasztelan Sierpc
0%
Kijowianka Kije
0%
KKS Jelenia Góra
0%
KKS Kołuszki
0%
KKS Włókniarz Kalisz
0%
Klecina Wrocław
0%
Klimontowianka Klimontów
0%
Kłobuk Mikołajki
0%
Klon Krzęcin
0%
Kłos Budzyń
0%
Kłos Chełm
0%
Kłos Gałowo
0%
Kłos Garzyn
0%
Kłos Laski
0%
Kłos Lutomia
0%
Kłos Łysa Góra
0%
Kłos Małyszyn
0%
Kłos Moskorzyn
0%
Kłos Pełczyce
0%
Kłos Rokosowo
0%
Kłos Zaniemyśl
0%
Klubokawiarnia Roztocznik
0%
Kluczevia Stargard Szczeciński
0%
Kłyż Tarnogóra
0%
Kolbuszowianka Kolbuszowa
0%
Kolejarz Chojnice
0%
Kolejarz Czeremcha
0%
Kolejarz Kamieniec Ząbkowicki
0%
Kolejarz Katowice
0%
Kolejarz Łódź
0%
Kolejarz Miłkowice
0%
Kolejarz Skarżysko-Kamienna
0%
Kolejarz Wierzchowo
0%
Kolektyw Radwanice
0%
Koliber Uciechów
0%
Kolonia Bolesławiec
0%
Kolorowi Krusza Zamkowa
0%
Kometa Kryniczno
0%
Kometa Więcławice
0%
Komornik Kurzeszyn
0%
Koniczynka Ocice
0%
Konopianka Konopki
0%
Konrad Konradówka
0%
Kopernik Kiernozia
0%
Koprzywianka Koprzywnica
0%
Korab Łask
0%
Koral Dębnica
0%
Kora Niedoradz
0%
Kormoran Łąck
0%
Kormoran Ruszkowo
0%
Kormoran Święciechowa
0%
Kormoran Zwierzewo
0%
Korona Bukowiec
0%
Korona Czernina
0%
Korona Człopa
0%
Korona Dobrzyniewo
0%
Korona Drzycim
0%
Korona Góra Kalwaria
0%
Korona Kawice
0%
Korona Klewki
0%
Korona Lgota
0%
Korona Majdan Królewski
0%
Korona Olszyc
0%
Korona Ostrołęka
0%
Korona Pęcz
0%
Korona Piaski
0%
Korona Raduń
0%
Korona Stawiszyn
0%
Korona Strachomino
0%
Korona Stróżewo
0%
Korona Stuchowo
0%
Korona Szydłowo
0%
Korona Trójczyce
0%
Korona Załęże
0%
Korona Żelistrzewo
0%
Kosmos Rudnica
0%
Kosynier Sokołowo
0%
Kosynierzy Łuczyce
0%
Koszarawa Żywiec
0%
Kotan Ozorków
0%
Kotwica Korczyna
0%
Koziołek Lublin
0%
KP Borek Strzeliński
0%
KP Brzeg Dolny
0%
KP Brzeźnica Krajeńska
0%
KP Chemik Police
0%
KP Jaworzno
0%
KP Ludów Śląski
0%
KP Opatówek
0%
KP Rataje
0%
KP Ropczyce
0%
KP Rudno
0%
KP Śliwice
0%
KP Sopot
0%
KP Szczytno
0%
KPT Nawojowa
0%
KP Tomaszowo
0%
KP Wichrów
0%
Krajna Sępólno Krajeńskie
0%
Krajna Sławianowo
0%
Krakus Nowa Huta
0%
Krakus Swoszowice
0%
Kraska Jasieniec
0%
Kresy Dołhobyczów
0%
Krobianka Krobia
0%
Krokus Kwiatkowice
0%
Krokus Przyszowa
0%
Krokus Ropienka
0%
Królewski Gdańsk
0%
Królovia Królowa Górna
0%
Krośnianka-Karpaty Krosno
0%
Krośniewianka Krośniewice
0%
Krupiński Suszec
0%
Kruszywo Raduszec Stary
0%
Krypnianka Krypno
0%
Kryształ Chocianowiec
0%
Kryształ Glinojeck
0%
Kryształ Stronie Śląskie
0%
Kryształ Werbkowice
0%
Krzczonovia Krzczonów
0%
Krzna Rzeczyca
0%
Krzna Trzebieszów
0%
KS Bestwinka
0%
KS Biecz
0%
KS Błotnica Stara
0%
KS Bobowa
0%
KS Borek
0%
KS Brochów
0%
KS Brzoza
0%
KS Burzyn
0%
KS Chełmek
0%
KS Chomentów
0%
KS Ciecierzyn
0%
KS CK Troszyn
0%
KS Dębina
0%
KS Drzewce
0%
KS Dziadowa Kłoda
0%
KS Falenica
0%
KS Giebło
0%
KS Glisno
0%
KS Góra Puławska
0%
KS Grabowo
0%
KS Grocholice
0%
KS Janików-Kozienice
0%
KS Jastrząb
0%
KS Komorów
0%
KS Kornowac
0%
KS Kraszkowice
0%
KS Krzyżowa
0%
KS Łąka
0%
KS Legnickie Pole
0%
KS Łochowo
0%
KS Łomianki
0%
KS Łomnica
0%
KS Łopuchowo
0%
KS Łozina
0%
KS Maciejowa
0%
KS Michałowo
0%
KS Mosina
0%
KS Nasutów
0%
KS Nierodzim
0%
KS Nowiny Wielkie
0%
KS Otmęt Krapkowice
0%
KS Panki
0%
KS Paradyż
0%
KS Pasiecznik
0%
KS Piaseczno
0%
KS Polanica Zdrój
0%
KS Poświętne
0%
KS Potworów
0%
KS Rachowice
0%
KS Radlna
0%
KS Radoszewice
0%
KS Raszyn
0%
KS Rogaszyce
0%
KS Rożnowa
0%
KS Ryglice
0%
KS Sękowo
0%
KS Śniadowo
0%
KS Sokoły
0%
KS Stare Jaroszowice
0%
KS Stradom Częstochowa
0%
KS Strzybnica
0%
KS Szczepańcowa
0%
KS Tarłów
0%
KS Tersin
0%
KS Tymbark
0%
KS US Śmigno
0%
KS Walim
0%
KS Warka
0%
KS Wasilków
0%
KS Wesoła
0%
KS Włodzice
0%
KS Wola Czołnowska
0%
KS Wrocław
0%
KS Zaczernie
0%
KS Zakopane
0%
KS Zarzecze
0%
KS Zemborzyce
0%
KS Zielonka
0%
KS Żory
0%
KS Żukowo
0%
Kujawiak Kowal
0%
Kujawiak Kruszyn
0%
Kujawiak Sukowy
0%
Kujawianka Izbica Kujawska
0%
Kujawianka Strzelno
0%
Kujawy Kozy
0%
Kujawy Markowice
0%
KUKS Zębców
0%
Kurpik Kadzidło
0%
Kusy Pogolewo
0%
Kuźnia Jawor
0%
Kwarcyt Jegłowa
0%
Kwisa Mroczkowice
0%
Kwisa Świeradów Zdrój
0%
Kwisa Trzebów
0%

Rozkład punktacji

Percentyl według liczby udzielonych odpowiedzi

Procent ludzi z każdym wynikiem

Twoja historia wyników

Nie rozwiązałeś tego quizu